Formule 1 - Quiz pilote : Max Verstappen - Statistiques

Statistiques générales
  • Ce quiz a été pris 508 fois
    110 depuis la dernière actualisation
  • Le résultat moyen est 26 sur 30
Statistiques - réponses
Hint Réponse % Correct
Informations de base Nationalité (sportive) Pays-Bas
100%
Informations de base Numéro permanent de pilote 1 / 3 / 33
98%
Championnat du monde Nombres de titre constructeur 2
98%
Informations de base Arrivée en Formule 1 (année) 2015
98%
Autres De combien de place était la plus grosse pénalité qu'il a reçu ? 20 places
98%
Écuries pour lesquelles il a conduit Depuis 2016 Red Bull
98%
Championnat du monde 1er titre (année) 2021
96%
Championnat du monde 2e titre (année) 2022
96%
Championnat du monde 3e titre (année) 2022
96%
Championnat du monde 6e titre (année) 2024
96%
Championnat du monde Nombres de titre pilote 4
96%
Championnat du monde 4e titre (année) 2023
94%
Championnat du monde 5e titre (année) 2023
94%
Coéquipiers Depuis 2026 Isack Hadjar
94%
Coéquipiers 2021 - 2024 Sergio Pérez
94%
Coéquipiers 2025 Yuki Tsunoda
94%
Coéquipiers 2016 - 2018 Daniel Ricciardo
91%
Coéquipiers 2025 Liam Lawson
91%
Coéquipiers 2019 Pierre Gasly
90%
Informations de base Surnom Mad Max ou Super Max
88%
Autres Avec quelle mannequin brésilienne, fille d'un célèbre champion de formule 1, va-t-il avoir un enfant en 2025 ? Kelly Piquet
86%
Coéquipiers 2019 - 2020 Alexander Albon
84%
Écuries pour lesquelles il a conduit 2015 - 2016 Toro Rosso
83%
Autres Dans quel pays est-il né ? Belgique
82%
Autres Nomme une chanson qui a été écrite pour lui Super Max & 33 Max Verstappen
82%
Coéquipiers 2015 - 2016 Carlos Sainz Jr.
74%
Victoire Nombre de victoire totale 71
67%
Informations de base Nom complet Max Emilian Verstappen
59%
Victoire 1ère victoire Grand Prix d'Espagne 2016
47%
Informations de base Date de naissance 30 septembre 1997
39%
Aucun quiz correspondant
Distribution des résultats
% des personnes avec chaque résultat
Percentile par nombre de réponses
Votre historique - résultats
Vous n’avez pas pris ce quiz depuis la dernière actualisation